|
|
|
|
| LEADER |
00906nam a2200229 a 4500 |
| 001 |
3113620 |
| 008 |
090910s1964 inua b 001 0 eng d |
| 010 |
|
|
|a 64017456
|
| 020 |
|
|
|a 253358205
|
| 040 |
|
|
|a DLC
|c DLC
|d DLC
|
| 082 |
0 |
0 |
|a 371.1/48
|2 16
|
| 245 |
1 |
0 |
|a Team teaching :
|b bold new venture
|c edited by David W. Beggs, Introduction by Harold Spears.
|
| 260 |
|
|
|a Indianapolis,
|b Unified College Press ;
|a London :
|b Inidiana University Press
|c 1964
|
| 300 |
|
|
|a 192 p.
|b illus.
|c 24 cm.
|
| 490 |
0 |
|
|a Bold new venture
|
| 504 |
|
|
|a Includes Bibliography (p. 179-187) and index.
|
| 541 |
1 |
|
|e 00001502
|
| 650 |
|
0 |
|a Teaching teams.
|
| 700 |
1 |
|
|a Beggs, David W.,
|e ed.
|
| 852 |
4 |
|
|a Ayesha Abed Library
|j General shelf
|
| 999 |
|
|
|c 4149
|d 4149
|
| 952 |
|
|
|0 0
|1 0
|2 ddc
|4 0
|6 371_148000000000000_TEA_1971
|7 0
|9 3818
|a BRACUL
|b BRACUL
|c GEN
|d 2009-10-03
|g 564.00
|l 0
|o 371.148 TEA
|p 3010001502
|r 2009-10-03
|t 1
|v 1128.00
|w 2009-10-03
|y BK
|